000 00384nam a22001337a 4500
008 250610b |||||||| |||| 00| 0 eng d978978
020 _a9789785608038
050 _aBT 761.3
_b.N 94
100 _aNzelibe Grace
245 _aAll is by god's grace: The autobiography of professor grace Nzelibe
260 _aAbuja
_bUniversity of Abuja press
_c2022
300 _a350p
942 _cBK
999 _c3840
_d3840